|
|
|
|
| LEADER |
00000nam2a2200000 4500 |
| 001 |
182144 |
| 005 |
20231031171222.0 |
| 035 |
|
|
|a (RuTPU)RU\TPU\book\197427
|
| 035 |
|
|
|a RU\TPU\book\197391
|
| 090 |
|
|
|a 182144
|
| 100 |
|
|
|a 20100617d1937 k y0rusy50 ca
|
| 101 |
0 |
|
|a rus
|
| 102 |
|
|
|a RU
|
| 105 |
|
|
|a a z 000zy
|
| 200 |
0 |
|
|a Т. 56, [Вып. 1-6]
|
| 210 |
|
|
|c Красное знамя
|d 1937
|
| 215 |
|
|
|a 382 с.
|c табл., граф., черт., рис.
|
| 461 |
|
1 |
|0 (RuTPU)RU\TPU\book\197248
|t Известия Томского индустриального института [Известия ТИИ]
|f Томский индустриальный институт (ТИИ)
|v Т. 56, [Вып. 1-6]
|d 1934-1944
|
| 601 |
0 |
2 |
|a Томский индустриальный институт (ТИИ)
|c (1934-1944)
|2 stltpush
|3 (RuTPU)RU\TPU\col\9243
|
| 610 |
1 |
|
|a научные исследования
|
| 610 |
1 |
|
|a лобовое фрезерование
|
| 610 |
1 |
|
|a динамика
|
| 610 |
1 |
|
|a лобовые фрезеры
|
| 610 |
1 |
|
|a экспериментальные исследования
|
| 610 |
1 |
|
|a технические передачи
|
| 610 |
1 |
|
|a зубья
|
| 610 |
1 |
|
|a зубчатые перекрытия
|
| 610 |
1 |
|
|a подпорные стенки
|
| 610 |
1 |
|
|a размеры
|
| 610 |
1 |
|
|a стружка
|
| 610 |
1 |
|
|a толщина
|
| 610 |
1 |
|
|a векторная маховичная диаграмма
|
| 610 |
1 |
|
|a тугие посадки
|
| 610 |
1 |
|
|a надежность
|
| 610 |
1 |
|
|a взаимозаменяемое призводство
|
| 610 |
1 |
|
|a сортировка
|
| 610 |
1 |
|
|a сложные сопротивления
|
| 610 |
1 |
|
|a сечения
|
| 610 |
1 |
|
|a графический способ
|
| 610 |
1 |
|
|a трансформаторы
|
| 610 |
1 |
|
|a энергия
|
| 610 |
1 |
|
|a потери
|
| 610 |
1 |
|
|a нагрев
|
| 610 |
1 |
|
|a температура
|
| 610 |
1 |
|
|a определение
|
| 610 |
1 |
|
|a тела
|
| 610 |
1 |
|
|a движение
|
| 610 |
1 |
|
|a наклонные плоскости
|
| 610 |
1 |
|
|a уборочные машины
|
| 610 |
1 |
|
|a режущие аппараты
|
| 610 |
1 |
|
|a конструкции
|
| 610 |
1 |
|
|a Кузбасс
|
| 610 |
1 |
|
|a угольные пласты
|
| 610 |
1 |
|
|a петрографические исследования
|
| 610 |
1 |
|
|a железнорудные месторождения
|
| 610 |
1 |
|
|a средний девон
|
| 610 |
1 |
|
|a Кузнецкий бассейн
|
| 610 |
1 |
|
|a труды учёных ТПУ
|
| 675 |
|
|
|a 62
|v 3
|
| 801 |
|
1 |
|a RU
|b 63413507
|c 20090209
|g PSBO
|
| 801 |
|
2 |
|a RU
|b 63413507
|c 20110210
|g PSBO
|
| 942 |
|
|
|c BK
|